Statistiques concernant Gares de la Charente Maritime

Cliquez ici pour prendre le quiz!

Statistiques générales

  • Ce quiz a été pris 96 fois
  • Le résultat moyen est 13 sur 26

Statistiques - réponses

Nombre de voyageursGares% Correct
1 984 267La Rochelle
100%
454 350Saintes
100%
400 533Rochefort
96%
182 523Royan
95%
69 109La Rochelle Porte Dauphine
88%
99 371Jonzac
82%
350 762Surgères
75%
25 663Pons
65%
35 005Saint Jean d'Angély
65%
43 071Saujon
58%
11 928Tonnay Charente
47%
68 306Chatelaillon Plage
46%
9 187Angoulins
42%
39 578Montendre
39%
27 653Saint Laurent de la Prée - Fouras
39%
14 867Saint Savinien
33%
9 352Aytré Plage
30%
18 670Aigrefeuille - Le Thou
26%
9 346La Jarrie
26%
6 178Bords
25%
1 071Loulay
18%
1 833Villeneuve la Comtesse
16%
11Beillant
14%
3 155Bussac
14%
306Saint Hilaire - Brizambourg
14%
13 155Saint Aigulin - La Roche Chalais
9%

Distribution des résultats

Percentile par nombre de réponses

% des personnes avec chaque résultat

Votre développement - résultats

Vous n’avez pas pris ce quiz